[Event "27th CRO-chT 1A-Men 2018"]
[Site "Biograd"]
[Date "2018.09.14"]
[Round "7.22"]
[White "Mrkonjic, Nenad"]
[Black "Medak, Bojan"]
[Result "1/2-1/2"]
[WhiteElo "2352"]
[BlackElo "2367"]
[Annotator "NA"]
[PlyCount "20"]
[EventDate "2018.09.08"]
[EventType "team-tourn"]
[EventCountry "CRO"]
[SourceTitle "playchess.com"]
[Source "ChessBase"]
[SourceQuality "1"]
[TimeControl "40/5400+30:1800+30"]

1. Nf3 {[%emt 0:00:30]} d5 {[%emt 0:00:30]} 2. g3 {[%emt 0:00:00]} Nf6 {[%emt 0:00:00]} 3. Bg2 {[%emt 0:00:00]} g6 {[%emt 0:00:00]} 4. O-O {[%emt 0:00:00]} Bg7 {[%emt 0:00:30]} 5. d3 {[%emt 0:00:00]} O-O {[%emt 0:00:00]} 6. c3 {[%emt 0:00:30]} Re8 {[%emt 0:00:00]} 7. Qc2 {[%emt 0:00:00]} e5 {[%emt 0:00:30]} 8. e4 {[%emt 0:00:00]} c6 {[%emt 0:00:00]} 9. Nbd2 {[%emt 0:00:00]} Qc7 {[%emt 0:00:00]} 10. Rd1 {[%emt 0:00:00]} a5 {[%emt 0:00:00]} 1/2-1/2

[Event "27th CRO-chT 1A-Men 2018"]
[Site "Biograd"]
[Date "2018.09.14"]
[Round "7.25"]
[White "Postny, Evgeny"]
[Black "Bosiocic, Marin"]
[Result "0-1"]
[WhiteElo "2621"]
[BlackElo "2600"]
[Annotator "TA"]
[PlyCount "120"]
[EventDate "2018.09.08"]
[EventType "team-tourn"]
[EventCountry "CRO"]
[SourceTitle "playchess.com"]
[Source "ChessBase"]
[SourceQuality "1"]

{[%evp 26,120,10,1,16,0,5,3,9,12,46,54,42,50,115,118,118,128,126,127,123,125,110,106,134,126,153,151,154,147,170,133,167,133,132,132,132,136,129,118,128,118,126,119,125,99,91,51,58,67,81,2,12,13,14,12,41,42,39,4,56,64,187,186,186,186,181,160,268,53,47,56,45,32,44,0,0,0,0,-407,0,0,0,0,0,-211,-208,-224,-224,-210,-187,-1017,-991,-962,-937,-29995,-29996]} 1. d4 Nf6 2. c4 e6 3. Nf3 d5 4. g3 Bb4+ 5. Bd2 Be7 6. Bg2 O-O 7. O-O c6 8. Qc2 Nbd7 9. Bf4 b6 10. cxd5 cxd5 11. Rc1 {E08: Katalanisch} Bb7 12. Qb3 (12. Nc3 Rc8 13. Ne5 Nxe5 14. Bxe5 Ne4 15. Qd3 f6 16. Bf4 g5 17. Nxe4 gxf4 18. Nc3 Bd6 {½-½ (49) Duda,J (2724)-Ding,L (2778) Liaocheng 2018}) 12... Rc8 13. Rxc8 Qxc8 14. Nc3 {LiveBook: 7 Partien} a6 15. Rc1 Qa8 {[#]} 16. Ne5 $146 ({Vorgänger:} 16. Na4 b5 17. Nc5 Rc8 18. Nxb7 Rxc1+ 19. Bxc1 Qxb7 {½-½ (39) Lysyj,I (2643)-Xu,Y (2540) Moscow 2017}) 16... Rc8 17. Bg5 Nxe5 (17... Bd6 {is interesting.} 18. Bxf6 Nxf6 19. Qxb6 Bxe5 20. dxe5 Ng4) 18. dxe5 d4 19. exf6 Bxf6 (19... gxf6 $14 20. Bxb7 Qxb7) 20. Bxf6 $16 gxf6 21. Qxb6 Bxg2 22. Qxd4 {Und weiter mit Dg4+ wäre nett.} Bh3 {[%csl Gh3][%cal Ra8g2]} 23. f3 Qb8 24. Rc2 Rd8 25. Qe3 ({Natürlich nicht} 25. Qxf6 $6 Qa7+ 26. Kh1 Qf2 $11) 25... Qd6 {( -> ...Dd1+!)} 26. Kf2 {Und Se4 würde nun gewinnen.} Bf5 27. Rc1 Qb8 28. b3 h5 29. Rd1 Rc8 30. Rd4 Kg7 31. Ne4 h4 32. Nd6 hxg3+ 33. hxg3 Rh8 34. Kg2 Bh3+ 35. Kg1 e5 36. Rd2 Be6 37. Ne4 Qg8 38. Qf2 (38. Kg2 $1 $16) 38... Qh7 {[%csl Gh8][%cal Rh7h1]} 39. Qg2 Bf5 40. Nf2 Qh6 41. f4 $36 {[%cal Bf3f4,Bf4f5][%mdl 2080] Weiss drückt.} Be6 42. e3 Qh5 (42... Rc8 $11) 43. g4 $14 Qh4 ({Besser ist} 43... Qh6 $1 $14) 44. f5 $1 $18 {[%cal Rf5e6]} Bc8 45. Kf1 a5 46. Qc6 e4 (46... Qh2 $16 47. Rc2 e4) 47. Ke2 $2 (47. Rd4 $18) 47... Qh2 $14 {...Dg2 ist eine echte Drohung.} 48. Kd1 Qg1+ 49. Kc2 Qa1 50. Nxe4 (50. Qc3 $5 {[%cal Rc3a1]} Qxa2+ 51. Qb2 Qxb2+ 52. Kxb2 $14) 50... Qxa2+ 51. Kc3 Qa1+ 52. Kc4 $2 {[%mdl 8192]} (52. Kc2 $11) 52... Qe5 $2 (52... Qc1+ $19 53. Kb5 {[#]} Ba6+ $1 {[%mdl 512]} 54. Qxa6 Rb8+ 55. Qb6 Rxb6+ 56. Kxb6 a4 $1 {[%mdl 512]} 57. bxa4 Qb1+ 58. Kc5 Qxe4) 53. Rd4 $11 Rh1 $1 {[%cal Rh1c1] Droht stark ...Tc1+.} 54. Qd6 {Droht Dxe5 und aus.} Bb7 55. Nc5 $2 {[#]} (55. Kc3 $11 {und Weiss ist OK.}) 55... Ba6+ $1 $19 {[%mdl 512]} 56. Qxa6 (56. Nxa6 Rc1+) 56... Rc1+ 57. Kd3 Qxc5 {[%csl Gc1][%cal Rc5c2]} 58. Ke4 $2 (58. Ke2 Qc3 59. Rd1 Rc2+ 60. Kf3) 58... Qe5+ 59. Kd3 Qh2 {[%csl Gc1][%cal Rh2c2]} 60. e4 Qg3+ {Precision: Weiß = 62%, Schwarz = 57%.} 0-1

[Event "27th CRO-chT 1A-Men 2018"]
[Site "Biograd"]
[Date "2018.09.14"]
[Round "7.26"]
[White "Beliavsky, Alexander G"]
[Black "Pikula, Dejan"]
[Result "1/2-1/2"]
[WhiteElo "2540"]
[BlackElo "2469"]
[Annotator "TA"]
[PlyCount "39"]
[EventDate "2018.09.08"]
[EventType "team-tourn"]
[EventCountry "CRO"]
[SourceTitle "playchess.com"]
[Source "ChessBase"]
[SourceQuality "1"]

{[%evp 20,39,36,0,-7,-35,-35,-43,-8,-7,-16,-8,-14,-31,-31,-37,0,-5,0,-45,0,-11]} 1. Nf3 Nf6 2. c4 e6 3. g3 d5 4. Bg2 Be7 5. d4 O-O 6. O-O c6 7. b3 Nbd7 8. Bb2 b6 9. Nc3 Bb7 10. Qc2 Rc8 11. Rad1 Ba6 {E08: Closed Catalan: Main Line: 7 Qc2} 12. Nd2 b5 13. Rfe1 bxc4 {Black is slightly better.} 14. bxc4 dxc4 {[#]} 15. Nce4 $146 ({Predecessor:} 15. e4 Qa5 16. d5 Ne5 17. dxe6 fxe6 18. Rf1 Nfg4 19. Ne2 Rxf2 20. Rxf2 Nxf2 21. Kxf2 {1-0 (33) Markowski,T (2592)-Krainski,A (2272) Bydgoszcz 2001}) 15... Nxe4 16. Nxe4 Qa5 17. Bc3 Qa3 18. Bb2 $1 {[%cal Rb2a3]} Qa5 19. Bc3 Qa3 20. Bb2 1/2-1/2

[Event "27th CRO-chT 1A-Men 2018"]
[Site "Biograd"]
[Date "2018.09.14"]
[Round "7.27"]
[White "Jovanovic, Zoran"]
[Black "Sebenik, Matej"]
[Result "1/2-1/2"]
[WhiteElo "2540"]
[BlackElo "2570"]
[Annotator "TA"]
[PlyCount "37"]
[EventDate "2018.09.08"]
[EventType "team-tourn"]
[EventCountry "CRO"]
[SourceTitle "playchess.com"]
[Source "ChessBase"]
[SourceQuality "1"]

{[%evp 17,37,11,12,-22,-26,-39,-23,-33,-27,-32,-23,-18,-20,-14,-13,-17,-6,-22,0,0,0,-10]} 1. e4 c5 2. Nc3 g6 3. d4 cxd4 4. Qxd4 Nf6 5. Nf3 Nc6 6. Qa4 d6 7. e5 dxe5 8. Nxe5 Bg7 {B27: Sicilian: 2 Nf3, unusual Black 2nd moves} 9. Nxc6 bxc6 {LiveBook: 8 Games} 10. Ba6 $146 (10. Qxc6+ {keeps more tension.} Bd7 11. Qf3 O-O 12. Be2 Bg4 13. Qe3) ({Predecessor:} 10. Qxc6+ Bd7 11. Qa6 O-O 12. Be2 Qc7 13. O-O Ng4 14. g3 Rab8 15. Qa3 Bd4 16. Bxg4 Bxg4 {½-½ (40) Saric,I (2621)-Vocaturo,D (2592) Helsingor 2017}) 10... O-O 11. Bxc8 Qxc8 12. O-O Nd5 13. Ne4 Nb6 14. Qb3 Qf5 {The position is equal.} 15. Re1 Rfd8 {[#] And now ...Qxe4! would win.} 16. c3 Rd7 17. Be3 Qxe4 18. Bxb6 Qd5 19. Be3 1/2-1/2

[Event "27th CRO-chT 1A-Men 2018"]
[Site "Biograd"]
[Date "2018.09.14"]
[Round "7.28"]
[White "Tica, Sven"]
[Black "Bukal, Vladimir Jr"]
[Result "1-0"]
[WhiteElo "2442"]
[BlackElo "2380"]
[Annotator "TA"]
[PlyCount "73"]
[EventDate "2018.09.08"]
[EventType "team-tourn"]
[EventCountry "CRO"]
[SourceTitle "playchess.com"]
[Source "ChessBase"]
[SourceQuality "1"]

{[%evp 9,73,41,27,25,37,32,42,1,19,16,51,50,48,55,54,61,48,54,71,63,60,48,76,70,79,76,64,53,73,72,79,94,134,127,129,74,60,46,37,0,122,111,121,114,104,130,93,10,25,0,0,0,0,-13,-17,-33,760,731,892,864,844,793,862,919,954,967]} 1. d4 e6 2. g3 f5 3. Bg2 Nf6 4. c4 d5 5. Nh3 Bd6 6. O-O {A90: Dutch Defence: Miscellaneous and Modern Stonewall (with ...Bd6)} O-O 7. Bf4 Be7 8. Qc2 {White is slightly better.} (8. Nd2 Nc6 9. Nf3 dxc4 10. Rc1 Ne4 11. Be3 Nb4 12. Rxc4 b5 13. Rxb4 Bxb4 {½-½ (53) Korobov,A (2652)-Grischuk,A (2772) Huaian 2017}) 8... Nc6 $146 ({Predecessor:} 8... c6 9. Nd2 Ne4 10. Nxe4 dxe4 11. Rad1 Nd7 12. f3 exf3 13. exf3 c5 14. d5 e5 15. Bc1 Nf6 16. Rfe1 Bd6 17. Bf1 {½-½ (63) Hilverda,A (2400)-Lyell,M (2268) Budapest 2017}) 9. Rd1 Nb4 10. Qc1 dxc4 11. Qxc4 Nbd5 12. Be5 c6 13. Nf4 a5 14. Nd2 Ng4 15. Nd3 Qe8 16. Nf3 b6 17. Rac1 Bb7 18. Nf4 Nxe5 19. Nxe5 Bd6 20. Nfd3 Rc8 21. Qb3 c5 22. Nc4 (22. Bxd5 $142 Bxd5 23. Qxb6) 22... a4 $16 23. Qa3 Be7 24. Bxd5 Bxd5 (24... exd5 $11 25. Nxb6 c4) 25. Nxb6 c4 26. Nc5 Rb8 27. Nxd5 ({Reject} 27. Nbxa4 $6 f4 $11) 27... exd5 28. Qxa4 ({White should try} 28. Qf3 $16) 28... Rxb2 $11 29. Qa3 Rxe2 {[#] White must now prevent ...f4.} 30. Qf3 $1 $36 {[%csl LRd5,LRe2][%mdl 2048] White is more active.} Bg5 $1 {[%cal Rg5c1]} 31. Qxd5+ Kh8 $1 32. Rxc4 {Hoping for Nd7.} Rxf2 $2 {[%mdl 8192]} (32... f4 $15 33. Qxg5 Re1+ 34. Rxe1 Qxe1+ 35. Kg2 f3+ 36. Kh3 Qf1+ 37. Kg4 Qxc4) 33. Kxf2 $18 {[%cal Bg1f2,Bf2f1,Bf1g2][%mdl 32] White is clearly winning.} Qe3+ 34. Kf1 f4 35. g4 Bh4 36. Rc2 Re8 37. Kg2 {Precision: White = 55%, Black = 50%.} 1-0

[Event "27th CRO-chT 1A-Men 2018"]
[Site "Biograd"]
[Date "2018.09.14"]
[Round "7.29"]
[White "Dutina, Dario"]
[Black "Golubovic, Boris"]
[Result "1/2-1/2"]
[WhiteElo "2245"]
[BlackElo "2386"]
[Annotator "NA"]
[PlyCount "39"]
[EventDate "2018.09.08"]
[EventType "team-tourn"]
[EventCountry "CRO"]
[SourceTitle "playchess.com"]
[Source "ChessBase"]
[SourceQuality "1"]
[TimeControl "40/5400+30:1800+30"]

1. e4 {[%emt 0:00:30]} c6 {[%emt 0:01:30]} 2. Bc4 {[%emt 0:03:30]} d5 {[%emt 0:08:30]} 3. Bb3 {[%emt 0:00:30]} e6 {[%emt 0:04:30]} 4. d4 {[%emt 0:00:30]} dxe4 {[%emt 0:02:30]} 5. Nc3 {[%emt 0:05:30]} Nf6 {[%emt 0:02:30]} 6. Bg5 {[%emt 0:03:30]} Be7 {[%emt 0:02:30]} 7. Nge2 $11 {[%emt 0:10:30]} (7. Bxf6 $5 gxf6 8. Nxe4 $11) 7... Nbd7 {[%emt 0:07:30]} 8. Ng3 {[%emt 0:13:30]} b6 {[%emt 0:19:30]} 9. Ncxe4 {[%emt 0:18:30]} Nxe4 {[%emt 0:04:30]} 10. Bxe7 {[%emt 0:00:30]} Qxe7 {[%emt 0:00:30]} 11. Nxe4 {[%emt 0:00:30]} Bb7 {[%emt 0:02:30]} 12. O-O {[%emt 0:08:30]} O-O {[%emt 0:04:30]} 13. Qe2 {[%emt 0:09:30]} c5 {[%emt 0:09:30]} 14. Rad1 {[%emt 0:01:30]} Rad8 {[%emt 0:01:30]} 15. c3 {[%emt 0:02:07]} cxd4 {[%emt 0:03:30]} 16. Rxd4 {[%emt 0:02:04]} Bxe4 {[%emt 0:00:30]} 17. Rxe4 {[%emt 0:02:05]} Nc5 {[%emt 0:00:30]} 18. Re3 {[%emt 0:00:04]} Nxb3 {[%emt 0:04:19]} 19. axb3 {[%emt 0:00:27]} a5 {[%emt 0:00:10]} 20. Rd1 {[%emt 0:01:57]} 1/2-1/2

[Event "27th CRO-chT 1A-Men 2018"]
[Site "Biograd"]
[Date "2018.09.14"]
[Round "7.30"]
[White "Petrov, Jole"]
[Black "Bozinovic, Bogdan"]
[Result "1-0"]
[WhiteElo "2397"]
[BlackElo "2229"]
[Annotator "NA"]
[PlyCount "75"]
[EventDate "2018.09.08"]
[EventType "team-tourn"]
[EventCountry "CRO"]
[SourceTitle "playchess.com"]
[Source "ChessBase"]
[SourceQuality "1"]
[TimeControl "40/5400+30:1800+30"]

1. Nf3 {[%emt 0:00:30]} c5 {[%emt 0:00:30]} 2. c4 {[%emt 0:00:00]} Nf6 {[%emt 0:00:30]} 3. Nc3 {[%emt 0:00:00]} e6 {[%emt 0:01:30]} 4. g3 {[%emt 0:00:30]} b6 {[%emt 0:00:30]} 5. Bg2 {[%emt 0:00:00]} Bb7 {[%emt 0:00:00]} 6. O-O {[%emt 0:03:00]} Be7 {[%emt 0:01:00]} 7. Re1 {[%emt 0:00:30]} Ne4 {[%emt 0:02:30]} 8. Nxe4 {[%emt 0:02:30]} Bxe4 {[%emt 0:00:30]} 9. d3 {[%emt 0:00:00]} Bb7 {[%emt 0:00:30]} 10. e4 {[%emt 0:00:00]} O-O {[%emt 0:04:30]} 11. d4 {[%emt 0:00:30]} cxd4 {[%emt 0:00:30]} 12. Nxd4 {[%emt 0:00:30]} d6 {[%emt 0:03:30]} 13. Be3 {[%emt 0:00:30] A17: English Opening: 1...Nf6 with ...Bb4} (13. b3 a6 14. Bb2 Qc7 15. Qg4 g6 16. e5 Bxg2 17. exd6 Bxd6 18. Kxg2 Nd7 19. Nf3 Rad8 20. Rad1 Be7 {1-0 (54) Gelfand,B (2729)-Inarkiev,E (2702) Nazran 2017}) 13... Nd7 {[%emt 0:03:30] [#]} 14. Qc2 $146 {[%emt 0:11:30]} ({Predecessor:} 14. Nb5 Ne5 15. b3 a6 16. Nc3 Qc7 17. Rc1 Rac8 18. f4 Nd7 19. Qd2 Rfe8 20. Red1 Rcd8 {1-0 (41) Banusz,T (2604)-Petrik,T (2477) Slovakia 2015}) 14... Qc7 {[%emt 0:03:30]} 15. Rac1 {[%emt 0:05:30]} Rac8 {[%emt 0:00:30]} 16. b3 {[%emt 0:00:30]} Qb8 {[%emt 0:01:30]} 17. a4 {[%emt 0:11:30]} Nf6 {[%emt 0:06:30]} 18. Bd2 {[%emt 0:02:30]} d5 {[%emt 0:03:30]} 19. exd5 {[%emt 0:02:30]} Bxd5 {[%emt 0:00:30]} 20. Bxd5 {[%emt 0:08:30]} Nxd5 {[%emt 0:00:00]} 21. Qe4 {[%emt 0:00:30]} Nf6 $11 {[%emt 0:05:00]} 22. Qf3 {[%emt 0:01:30]} Rfd8 {[%emt 0:09:30]} 23. Bc3 {[%emt 0:01:30]} Qc7 {[%emt 0:00:30]} 24. Nb5 {[%emt 0:12:30]} Qb8 {[%emt 0:01:30]} 25. a5 {[%emt 0:09:30]} bxa5 {[%emt 0:05:30]} 26. Bxa5 {[%emt 0:00:30]} Rd7 {[%emt 0:00:30]} 27. Red1 {[%emt 0:08:00]} a6 {[%emt 0:03:30]} 28. Nd4 {[%emt 0:01:23]} Bc5 {[%emt 0:06:30]} 29. Nc2 {[%emt 0:00:56]} h6 {[%emt 0:01:30]} 30. b4 {[%emt 0:01:05]} Be7 {[%emt 0:05:30]} 31. c5 {[%emt 0:00:19]} Nd5 {[%emt 0:01:30]} 32. Ne3 {[%emt 0:00:57]} Qb7 {[%emt 0:15:24]} 33. Kg2 {[%emt 0:06:38]} Bg5 {[%emt 0:04:37]} 34. Nc4 {[%emt 0:09:50]} Bxc1 {[%emt 0:03:42]} 35. Rxc1 {[%emt 0:00:01]} Nxb4 {[%emt 0:01:40]} 36. Qxb7 {[%emt 0:00:53]} Rxb7 {[%emt 0:00:07]} 37. Nd6 {[%emt 0:00:07]} Nd3 {[%emt 0:02:38]} 38. Rc3 {[%emt 0:00:16]} 1-0